000
00377nam a22001457a 4500
005
20251108171825.0
008
250721s1996 xx 000 0 ara d
082
1
4
_a
ط/750/خلي
100
1
_a
البدوي، خليل
245
1
0
_a
ألون /
264
1
_a
عمان :
_b
فاروق حسين نور،
_c
1996.
650
1
7
_a
التلوين
942
_2
ddc
_c
BK
999
_c
63515
_d
63515